000 00433nam a2200193Ia 4500
008 240510s9999 xx 000 0 und d
020 _a0000273018205
041 _aEng
082 _a005.133
082 _bw29
100 _aWELLAND ,Ray
245 0 _aMethodical programming in COBOL
260 _bLondon : Pitman
260 _c1983
300 _a296 p.
650 _aProgramming languages
942 _2ddc
942 _cLBK
999 _c25166
_d25166
945 _a1
_bMadushi Gamage
_c1
_dMadushi Gamage